• 首页
  • 本馆介绍
  • 公告通知
  • 最新文献
  • 馆藏检索
  • 电子资源
  • 读者导购
  • 参考咨询
  • 我的图书馆
  • 登录
  • 详细信息显示
  • 放入我的书架
  • 预约/预借图书
  • 作者相关作品
  • 分类相关作品
  • 丛书相关作品
  • 出版社相关作品

书目信息

  • 表格格式
  • 工作单格式
  • 卡片格式
题名:
金文法律资料考释
    
 
作者: 王沛 著
分册:  
出版信息: 上海   上海人民出版社  2012
页数: 254页
开本: 21cm
丛书名: 出土法律文献研究丛书
单 册:
中图分类: K877.34 , D929.2
科图分类:
主题词: 金文--研究--中国--古代 , 法制史--中国--古代--史料 , 金文 , 法制史
电子资源:
ISBN: 978-7-208-11077-9
000 01074oam2 2200313 450
001 524
005 20140910110451.65
010    @a978-7-208-11077-9@dCNY32.00
100    @a20130222d2012 em y0chiy50 ea
101 0  @achi
102    @aCN@b310000
105    @aa z 000yy
106    @ar
200 1  @a金文法律资料考释@AJin Wen Fa Lu^ Zi Liao Kao Shi@f王沛著@FWang Pei Zhu
210    @a上海@c上海人民出版社@d2012
215    @a254页@c图@d21cm
225 2  @a出土法律文献研究丛书
300    @a上海市人文社科基地华东政法大学外国法与比较法研究院项目、国家重点学科华东政法大学法律史学科建设项目资助
330    @a本书对较为重要的数篇金文法律资料进行考释,并对其中的法律问题加以分析。内容包括:琱生诸器集释、裘卫诸器集释、金文资料与上古法制。
461  0 @12001 @a出土法律文献研究丛书
606 0  @a金文@x研究@y中国@z古代
606 0  @a法制史@y中国@z古代@j史料
606 0  @a金文
606 0  @a法制史
690    @aK877.34@v5
690    @aD929.2@v5
701  0 @a王沛@AWang Pei@f(1977~)@4著
801  0 @aCN@bTANGWEI@c20140603
905    @b0838807-09@dK877.34@e292@f3
    
    金文法律资料考释/王沛著.-上海:上海人民出版社,2012
    254页:图;21cm.-(出土法律文献研究丛书)
    上海市人文社科基地华东政法大学外国法与比较法研究院项目、国家重点学科华东政法大学法律史学科建设项目资助
    
    ISBN 978-7-208-11077-9:CNY32.00
    本书对较为重要的数篇金文法律资料进行考释,并对其中的法律问题加以分析。内容包括:琱生诸器集释、裘卫诸器集释、金文资料与上古法制。
●
相关链接 在E读中查询图书 在五车中查询图书 在当当中查询图书 在豆瓣中查询图书


正题名:金文法律资料考释     索取号:K877.34/292         预约/预借

序号 登录号 条形码 馆藏地/架位号 状态 备注
1 0838807   208388074   第二样本阅览室/ [索取号:K877.34/292] 在馆    
2 0838808   208388083   第二借阅区/ [索取号:K877.34/292] 在馆    
3 0838809   208388092   密集书库-史法系/ [索取号:K877.34/292] 在馆    
唐山师范学院图书馆 欢迎您!
大连网信软件有限公司© 版权所有